The Hits Of Elton John - Statistics

General Stats
  • This quiz has been taken 40 times
    39 since last reset
  • The average score is 10 of 15
Answer Stats
Hint Answer % Correct
Crocodile - Rock
97%
I'm Still - Standing
94%
Goodbye - Yellow Brick Road
92%
Circle - Of Life
86%
Can You Feel - The Love Tonight
86%
Don't Go - Breaking My Heart
78%
Philadelphia - Freedom
78%
Part Time - Love
69%
Island - Girl
67%
Honky - Cat
61%
Blue - Eyes
44%
Song For - Guy
39%
Written In - The Stars
39%
Wrap - Her Up
28%
Satorial - Eloquence
14%
No matching quizzes found
Score Distribution
Percent of People with Each Score
Percentile by Number Answered
Your Score History
You have not taken this quiz since the last reset